|
|
|
|
| LEADER |
00000cam a2200000 7i4500 |
| 001 |
0000051707 |
| 005 |
20150906.0 |
| 008 |
150906 |
| 020 |
|
|
|a 9832852811(set)
|
| 020 |
|
|
|a 9832852994
|
| 090 |
0 |
0 |
|a MOR
|b MAL
|
| 100 |
0 |
|
|a Syed Mahadzir
|
| 245 |
1 |
0 |
|a Bayaran Untuk si Bakhil
|c Syed Mahadzir
|
| 260 |
|
|
|a Selangor :
|b Cooray'sHouse Of Publication Sdn Bhd ,
|c (s.n)
|
| 490 |
0 |
|
|a Siri Hentikan Buli
|
| 999 |
|
|
|a 0001042872
|b Book
|c Children Collection
|e Cawangan Bandar Penawar
|
| 999 |
|
|
|a 0001042874
|b Book
|c Children Collection
|e Cawangan Tmn. Ungku Tun Aminah
|
| 999 |
|
|
|a 0001049943
|b Book
|c Children Collection
|e Cawangan Kota Tinggi
|
| 999 |
|
|
|a 0001052128
|b Book
|c Children Collection
|e Cawangan Taman Universiti
|
| 999 |
|
|
|a 0001052130
|b Book
|c Children Collection
|e Cawangan Taman Sri Lambak
|
| 999 |
|
|
|a 0001052131
|b Book
|c Children Collection
|e Cawangan Pontian
|
| 999 |
|
|
|a 0001070712
|b Book
|c Children Collection
|e Cawangan Bukit Gambir
|
| 999 |
|
|
|a 0001075525
|b Book
|c Children Collection
|e Cawangan Bukit Gambir
|
| 999 |
|
|
|a 0001075529
|b Book
|c Children Collection
|e Cawangan Pontian
|
| 999 |
|
|
|a 0001075559
|b Book
|c Children Collection
|e Cawangan Pontian
|
| 999 |
|
|
|a 0001075760
|b Book
|c Children Collection
|e Cawangan Mersing
|
| 999 |
|
|
|a 0001130554
|b Book
|c Children Collection
|e Cawangan Segamat
|
| 999 |
|
|
|a 0001130617
|b Book
|c Children Collection
|e Cawangan Tangkak
|
| 999 |
|
|
|a 0001133982
|b Book
|c Children Collection
|e Cawangan Mersing
|
| 999 |
|
|
|a 0001138611
|b Book
|c Children Collection
|e Cawangan Pontian
|
| 999 |
|
|
|a 0001138927
|b Book
|c Children Collection
|e Cawangan Segamat
|